| 000 | 01220nam a2200301Ia 4500 | ||
|---|---|---|---|
| 008 | |||
| 049 | _aMAIN | ||
| 090 | _aJC585 WEA | ||
| 100 | 1 | _aBernbaum, Marcia. | |
| 245 | 1 | 0 |
_aWeaving ties of friendship, trust, and commitment to build democracy and human rights in Peru. / _cMarcia Bernbaum. |
| 246 | 3 | 0 | _aDemocracy and human rights in Peru. |
| 260 |
_aLima, Peru : _bLinea and Punto, S.A., _c1999. |
||
| 300 |
_axi, 103 p. ; _c28 cm. |
||
| 500 | _a"Peruvian Institute for Education in Human Rights and Peace (IPEDEHP) | ||
| 500 | _a"A case study of a training program for community leaders in hHuman rights, democracy and citizen participation of the Peruvian Institute for Education in Human rights and Peace (IPEDEHP) | ||
| 500 | _aIncludes bibliographical reference | ||
| 610 | 1 | 0 |
_aUnited States. _bAgency for International Development (USAID) |
| 650 | 0 |
_aDemocracy _zPeru. |
|
| 650 | 0 |
_aSocialism _zPeru. |
|
| 650 | 0 |
_aCivil rights _zPeru. |
|
| 650 | 0 |
_aHuman rights _zPeru. |
|
| 651 | 0 |
_aPeru _xPolitics and government. |
|
| 907 |
_a.b10231985 _b15-02-07 _c15-02-07 |
||
| 003 | |||
| 005 | 20230123134359.0 | ||
| 040 | _cNUST | ||
| 942 |
_cBOOKS _kJC585 WEA |
||
| 999 |
_c164906 _d164906 |
||